000 00513nam a2200181Ia 4500
008 151202s9999||||xx |||||||||||||| ||und||
082 _bPNVM-76937
100 _aआफळे सुनीति
245 _aबाहुल्या
260 _bप्रतिमा
260 _c2010
300 _a176
600 _aआफळे सुनीति
630 _aबाहुल्या
700 _aआफळे सुनीति
730 _aबाहुल्या
942 _cBOOK
999 _c1343596
_d1343593